<?xml version="1.0" encoding="UTF-8"?>
<record
    xmlns:xsi="http://www.w3.org/2001/XMLSchema-instance"
    xsi:schemaLocation="http://www.loc.gov/MARC21/slim http://www.loc.gov/standards/marcxml/schema/MARC21slim.xsd"
    xmlns="http://www.loc.gov/MARC21/slim">

  <leader>00372    a2200109   4500</leader>
  <controlfield tag="001">ART_14116</controlfield>
  <controlfield tag="005">20260410161912.0</controlfield>
  <controlfield tag="008">260409a                                 </controlfield>
  <datafield tag="245" ind1="1" ind2="0">
    <subfield code="a">Relationship between macroeconomic time series in a fixed exchange rate economy</subfield>
  </datafield>
  <datafield tag="100" ind1="1" ind2=" ">
    <subfield code="a">Leiderman, Leonardo</subfield>
  </datafield>
  <datafield tag="773" ind1="0" ind2=" ">
    <subfield code="t">European economic review</subfield>
    <subfield code="g">- Vol. 14, N&#xBA; 1 (jul. 1980)</subfield>
    <subfield code="w">REV13346</subfield>
  </datafield>
  <datafield tag="999" ind1=" " ind2=" ">
    <subfield code="c">26890</subfield>
    <subfield code="d">26890</subfield>
  </datafield>
</record>
